000 00444nam a2200169Ia 4500
008 190425s9999 xx 000 0 und d
100 _aCaniles-Magkilat, Bernie
245 _aPangilinan calls for direct subsidy to farmers/
245 _cBernie Caniles-Magkilat
260 _bManila Bulletin
260 _c2016
300 _aFebruary 19
440 _aManila Bulletin
650 _aagriculture
650 _afarmers
650 _asubsidy
999 _c361639
_d361639